[Event "Titled Tuesday intern op 16th Mar"]
[Site "Chess.com INT"]
[Date "2021.03.16"]
[Round "10"]
[White "Egorov, Evgeni"]
[Black "Maly, Alexey"]
[Result "0-1"]
[WhiteElo "2293"]
[BlackElo "2371"]
[PlyCount "112"]
[EventDate "2021.03.16"]
[EventType "swiss (blitz)"]
[EventRounds "11"]
[EventCountry "USA"]
[SourceTitle "CBM 201 Extra"]
[Source "ChessBase"]
[SourceDate "2021.05.31"]
[SourceVersion "1"]
[SourceVersionDate "2021.05.31"]
[SourceQuality "1"]

1. e4 c6 2. d4 d5 3. f3 dxe4 4. fxe4 e5 5. Nf3 Bg4 6. Bc4 Nd7 7. c3 b5 8. Bb3 Ngf6 9. 0-0 Bd6 10. Bg5 Qc7 11. Nbd2 0-0 12. Qe1 Bh5 13. Qh4 Bg6 14. Rae1 Rae8 15. Kh1 a6 16. a3 Qb8 17. Re3 c5 18. dxe5 Bxe5 19. Nxe5 Qxe5 20. Nf3 Qc7 21. e5 c4 22. exf6 Rxe3 23. Bxe3 cxb3 24. fxg7 Re8 25. Bd4 Qc4 26. Rd1 Qc6 27. h3 f6 28. Rf1 Kxg7 29. Nh2 Re2 30. Rf2 Rxf2 31. Qxf2 Qe4 32. Ng4 Bf5 33. Ne3 Be6 34. Kh2 Ne5 35. Qg3+ Ng6 36. Qc7+ Bf7 37. Kg1 Nf4 38. Qd6 Ne2+ 39. Kf2 Nxd4 40. Qxd4 Qb1 41. Qd2 Bg6 42. g4 Bd3 43. Nd5 Bc4 44. Ne3 Bd3 45. Kg3 Bg6 46. Qd7+ Kh6 47. Qd2 Kg7 48. h4 h5 49. g5 fxg5 50. Qd7+ Bf7 51. Qd4+ Kg8 52. hxg5 Qg1+ 53. Kf4 Qh2+ 54. Kf5 Qc7 55. Kf6 Qc6+ 56. Ke7 Qe8+ 0-1

[Event "Titled Tuesday intern op 16th Mar"]
[Site "Chess.com INT"]
[Date "2021.03.16"]
[Round "9"]
[White "Egorov, Evgeni"]
[Black "Nasyrova, Ekaterina"]
[Result "1-0"]
[WhiteElo "2293"]
[BlackElo "2168"]
[PlyCount "31"]
[EventDate "2021.03.16"]
[EventType "swiss (blitz)"]
[EventRounds "11"]
[EventCountry "USA"]
[SourceTitle "CBM 201 Extra"]
[Source "ChessBase"]
[SourceDate "2021.05.31"]
[SourceVersion "1"]
[SourceVersionDate "2021.05.31"]
[SourceQuality "1"]

1. e4 e5 2. Bc4 Nc6 3. Nc3 Nf6 4. d3 h6 5. f4 Bb4 6. Nf3 d5 7. exd5 Nxd5 8. 0-0 Nxc3 9. bxc3 Bxc3 10. Ba3 Bxa1 11. Qxa1 Be6 12. Bxe6 fxe6 13. Qb1 b6 14. Nxe5 Nxe5 15. Qb5+ Nd7 16. Qh5+ 1-0

[Event "Titled Tuesday intern op 16th Mar"]
[Site "Chess.com INT"]
[Date "2021.03.16"]
[Round "7"]
[White "Mujumdar, Sameer Suhas"]
[Black "Egorov, Evgeni"]
[Result "0-1"]
[WhiteElo "2028"]
[BlackElo "2293"]
[PlyCount "66"]
[EventDate "2021.03.16"]
[EventType "swiss (blitz)"]
[EventRounds "11"]
[EventCountry "USA"]
[SourceTitle "CBM 201 Extra"]
[Source "ChessBase"]
[SourceDate "2021.05.31"]
[SourceVersion "1"]
[SourceVersionDate "2021.05.31"]
[SourceQuality "1"]

1. d4 d5 2. c4 Nc6 3. e3 dxc4 4. Bxc4 e5 5. Nf3 exd4 6. exd4 Nf6 7. 0-0 Be7 8. Nc3 0-0 9. h3 Bf5 10. Be3 a6 11. Ne5 Nxe5 12. dxe5 Qxd1 13. Rfxd1 Nd7 14. Nd5 Bd8 15. f4 Be6 16. Nxc7 Bxc7 17. Bxe6 Nxe5 18. Bd5 Ng6 19. Bxb7 Rab8 20. Bxa6 Rxb2 21. g3 h5 22. h4 Re8 23. Bd4 Rb4 24. Bc3 Bb6+ 25. Kf1 Rbe4 26. Re1 Re3 27. Rac1 Ra8 28. Bc4 Rc8 29. Bd2 Rf3+ 30. Ke2 Rf2+ 31. Kd1 Rd8 32. Re2 Rxe2 33. Kc2 Rexd2+ 0-1